000 00671nam a2200241Ia 4500
003 OSt
005 20220918204253.0
006 a|||||r|||| 00| 0
007 ta
008 220917b |||||||| |||| 00| 0 eng d
024 _a111,820
037 _cTextual
040 _aARTS
_cARTS
_beng
041 _2eng
_aeng
082 _aV52y7M83, M2
100 _aKnox Macgrgor
_9111332
245 0 _aMussolini unleashd 1939-41
_b politics and strategy in fascist Italy's last war
260 _aLondon
_bCambridge
_c1982
300 _axi,385p.
_ccm.
650 _aHISTORY
942 _hV52y7M83, M2
_cTEXL
_2CC
999 _c235169
_d235169